000 00469nam a2200181Ia 4500
008 090122s9999 xx 000 0 und d
082 _b12577
100 _aकदम
_bबाबा
245 _aपाषाण
260 _bदिलीपराज
_c2007
300 _a108
501 _aदिलीपराज प्रकाशन
600 _aकदम
630 _aपाषाण
700 _aकदम
730 _aपाषाण
942 _cBOOK
999 _c36654
_d36654